ՀՀ Գիտությունների ազգային ակադեմիայի հիմնարար գիտական գրադարան  =   Fundamental Scientific Library of NAS RA
Normal view MARC view

Entry Personal Name

Number of records used in: 35

001 - CONTROL NUMBER

  • control field: 2555

003 - CONTROL NUMBER IDENTIFIER

  • control field: AM-YEHGA

005 - DATE AND TIME OF LATEST TRANSACTION

  • control field: 20250617070437.0

008 - FIXED-LENGTH DATA ELEMENTS

  • fixed length control field: 051222 a|ac|n|aab||||||||||||a |n|||||||

040 ## - CATALOGING SOURCE

  • Original cataloging agency: AM-YEHGA

100 1# - HEADING--PERSONAL NAME

  • Personal name: Դարոնյան, Սերգեյ Կարպի,
  • Dates associated with a name: 1925-1990

400 1# - SEE FROM TRACING--PERSONAL NAME

  • Personal name: Դարոնյան, Սերգեյ Կ.
  • Fuller form of name: (Կարպի),
  • Dates associated with a name: 1925-1990

400 1# - SEE FROM TRACING--PERSONAL NAME

  • Personal name: Դարոնյան, Սերգեյ Գարեգինի,
  • Dates associated with a name: 1925-1990

400 1# - SEE FROM TRACING--PERSONAL NAME

  • Personal name: Даронян, Сергей Карпович,
  • Dates associated with a name: 1925-1990

400 1# - SEE FROM TRACING--PERSONAL NAME

  • Personal name: Даронян, Сергей,
  • Dates associated with a name: 1925-1990

400 1# - SEE FROM TRACING--PERSONAL NAME

  • Personal name: Даронян, С.К.
  • Fuller form of name: (Сергей Карпович),
  • Dates associated with a name: 1925-1990

400 1# - SEE FROM TRACING--PERSONAL NAME

  • Personal name: Даронян, С.
  • Fuller form of name: (Сергей),
  • Dates associated with a name: 1925-1990

400 1# - SEE FROM TRACING--PERSONAL NAME

  • Personal name: Daronyan, Sergey,
  • Dates associated with a name: 1925-1990

670 ## - SOURCE DATA FOUND

  • Source citation: Գրական տեղեկատու, 1986 :
  • Information found: Դարոնյան Սերգեյ Կարպի [1.4.1925, Խարկով (Ուկրաինա)], գրականագետ, քննադատ, բանասիր. գիտ. դ-ր, պրոֆ (1970): ՀՍՍՀ կուլտուրայի վաստ. գործիչ (1985), ՍՍՀՄ գրողների միության անդամ (1960):

670 ## - SOURCE DATA FOUND

  • Source citation: Նաիրի Զարյան : Կյանքը և գործունեությունը, 1982 :
  • Information found: տիտղթ. (Սերգեյ Կ. Դարոնյան)

670 ## - SOURCE DATA FOUND

  • Source citation: Միքայել Նալբանդյան : Կյանքը և գործունեությունը, 1979 :
  • Information found: տիտղթ. (Սերգեյ Կարպի Դարոնյան)

670 ## - SOURCE DATA FOUND

  • Source citation: Из истории армянской эстетической мысли, 1973 :
  • Information found: т.л. (ред. С.К. Даронян)

670 ## - SOURCE DATA FOUND

  • Source citation: Лоза и камень : Поэзия, проза, драматургия, 1985 :
  • Information found: т.л. (предисл. Сергей Даронян)

670 ## - SOURCE DATA FOUND

  • Source citation: Микаэл Налбандян. Проблемы творчества и литературных связей, 1975 :
  • Information found: т.л. (Сергей Карпович Даронян)


ՀՀ ԳԱԱ հիմնարար գիտական գրադարան
ՀՀ,Երևան 0019
Մարշալ Բաղրամյան 24/6
հեռախոս:(374-10) 52-47-50
Հետադարձ կապ

All site content, except where otherwise noted, is licensed under a
Creative Commons License